| 000 | 01105nam a22003497a 4500 | ||
|---|---|---|---|
| 001 | 3770601 | ||
| 003 | OSt | ||
| 005 | 20210420072850.0 | ||
| 008 | 830505s1984 nyua b 000 0 eng | ||
| 010 | _a 83061610 | ||
| 020 | _a0312109059 (pbk.) | ||
| 020 | _a0312109040 (hard) | ||
| 040 |
_aeng _cDLC _deng |
||
| 041 | _aeng | ||
| 043 | _an-us--- | ||
| 050 | 0 | 0 |
_aHD70.U5 _bC37 1984 |
| 080 |
_a65 _bC-26 |
||
| 082 | 0 | 0 |
_a658/.00973 _219 |
| 100 | 1 |
_aCarson, Robert Barry, _d1934- |
|
| 245 | 1 | 0 |
_aBusiness issues today : _balternative perspectives / _cRobert B. Carson. |
| 260 |
_aNew York : _bSt. Martin's Press, _cc1984. |
||
| 300 |
_aix, 348 p. : _bill. ; _c21 cm. |
||
| 504 | _aBibliography: p. [343]-345. | ||
| 650 | 0 |
_aIndustrial management _zUnited States. |
|
| 650 | 0 |
_aBusiness _9323 |
|
| 650 | 0 |
_aBusiness enterprises _zUnited States. |
|
| 653 | _aბიზნესი | ||
| 653 | _aბიზნეს ორგანიზაციები | ||
| 653 | _aინდუსტრიის მართვა | ||
| 906 |
_a7 _bcbc _corignew _d3 _eopcn _f19 _gy-gencatlg |
||
| 942 |
_2udc _cBK |
||
| 999 |
_c522 _d522 |
||